Представление документа в формате MARC21

Поле Инд. ПП Название Значение
Тип записи a
Библиографический уровень m
001 Контрольный номер RU/IS/BASE/343150506
005 Дата корректировки 20140703192521.6
040 a Служба первич. каталог. НБ ТвГУ
b Код языка каталог. rus
e Правила каталог. PSBO
041 0_ a Код языка текста rus
080 a Индекс УДК 316.42(043.3)
084 a Индекс другой классификации/Индекс ББК С032я031
090 a Полочн. индекс С032
x Авторский знак Е 54
100 1_ a Автор Елпаева Надежда Анатольевна
q Полное имя Елпаева Н. А.
245 10 a Заглавие Динамика исторического процесса: традиции и перспективы социально-философской рефлексии
b Продолж. заглавия автореф. дис. ... канд. филос. наук : 09.00.11
c Ответственность Камский инж.-экон. акад., Каф. философии
260 a Место издания Тверь
b Издательство б. и.
c Дата издания 2010
300 a Объем 21 с.
500 a Примечание На правах рукоп.
504 a Библиография Библиогр. в конце кн. (8 назв.) и в подстроч. примеч.
653 a Ключевые слова Авторефераты
a Ключевые слова Антиисторизм
a Ключевые слова Антропологизм
a Ключевые слова Димамика исторического процесса
a Ключевые слова Исторический процесс
a Ключевые слова Линейные модели истории
a Ключевые слова Модели истории
a Ключевые слова Нелинейные модели истории
a Ключевые слова Постиндустриализм
a Ключевые слова Провиденциализм
a Ключевые слова Рефлексия
a Ключевые слова Синергизм
a Ключевые слова Социальная динамика
a Ключевые слова Социальная философия
a Ключевые слова Социально-философская рефлексия
a Ключевые слова Философия
a Ключевые слова Финализм
a Ключевые слова Футурология
a Ключевые слова Циклизм
920 a Оператор Густ
930 a Новая/Ретро авторефераты
952 c Вид литературы А/Р н
954 a Дата поступления на обработку 20101116